000 00623nam a22001937a 4500
999 _c160564
_d160564
005 20190213124905.0
010 _aENG-124735
020 _a9788186772935
035 _aEN-108267
037 _bDBAD/PUB
082 _a330.0727
100 _aV.S. Singh
245 _aConcept of economic status/
_cby V.S.Singh
260 _aNew Delhi
_bNew Academic Publishers
_c2016
270 _a4760-61,23, Ansari Road, Daryaganj
_bNew Delhi
_e110002
_k011-23282663, 011-22413394
_mnapindia@newacademicpublishers.com
300 _a82p.
_c24cn(Hb)
500 _aIt includes Index
942 _2ddc
_cEN
_e1
_h330.0727
_mSIN